Münchener Kommentar zum Strafgesetzbuch / 2,2 §§ 80 - 184f StGB / Bandred.: Bernd von Heintschel-Heinegg
| 1. VerfasserIn: | |
|---|---|
| Medienart: | Elektronisch Buch |
| Sprache: | Deutsch |
| Veröffentlicht: |
München
Beck
2005
|
| In: |
Münchener Kommentar zum Strafgesetzbuch
Jahr: 2005 |
| Online-Zugang: |
Inhaltstext Inhaltsverzeichnis Volltext (Verlag) |
| Verfügbarkeit prüfen: | HBZ Gateway |
| Subito Bestelldienst: | Jetzt bestellen. |
| Schlagwörter: |
MARC
| LEADER | 00000cam a2200000 cc4500 | ||
|---|---|---|---|
| 001 | 1389459284 | ||
| 003 | DE-627 | ||
| 005 | 20250617164905.0 | ||
| 007 | cr uuu---uuuuu | ||
| 008 | 100304s2005 xx |||||o 00| ||ger c | ||
| 020 | |a 9783406532375 |9 978-3-406-53237-5 | ||
| 035 | |a (DE-627)1389459284 | ||
| 035 | |a (DE-576)319459284 | ||
| 035 | |a (DE-599)BSZ319459284 | ||
| 035 | |a (OCoLC)699762179 | ||
| 035 | |a (OCoLC)699762179 | ||
| 035 | |a (OCoLC)1033910208 | ||
| 040 | |a DE-627 |b ger |c DE-627 |e rakwb | ||
| 041 | |a ger | ||
| 084 | |a INTRECHT |q DE-1a |2 fid | ||
| 084 | |a PH 2550 |q SEPA |2 rvk |0 (DE-625)rvk/136003: | ||
| 245 | 0 | 0 | |a Münchener Kommentar zum Strafgesetzbuch |n 2,2 |p §§ 80 - 184f StGB / Bandred.: Bernd von Heintschel-Heinegg |c hrsg. von Wolfgang Joecks ... |
| 246 | 3 | 0 | |a münchner müko stgb mükostgb |
| 264 | 1 | |a München |b Beck |c 2005 | |
| 300 | |a Online-Ressource | ||
| 336 | |a Text |b txt |2 rdacontent | ||
| 337 | |a Computermedien |b c |2 rdamedia | ||
| 338 | |a Online-Ressource |b cr |2 rdacarrier | ||
| 490 | 0 | |a Beck-Online |a Bücher | |
| 655 | 7 | |a Kommentar |0 (DE-588)4136710-8 |0 (DE-627)104500719 |0 (DE-576)209671467 |2 gnd-content | |
| 700 | 1 | |a Heintschel-Heinegg, Bernd von |d 1945- |e Red. |0 (DE-588)120482932 |0 (DE-627)080703615 |0 (DE-576)161361595 |4 adp | |
| 773 | 1 | 8 | |a Münchener Kommentar zum Strafgesetzbuch |w (DE-627)1348915498 |w (DE-576)278915493 |g 2,2 |q 2,2 |7 nnam |
| 856 | 4 | 0 | |u http://beck-online.beck.de/?vpath=bibdata/komm/MuekoStGB_1_Band2_2/cont/MuekoStGB.htm |x Verlag |3 Volltext |7 1 |
| 856 | 4 | 2 | |u https://swbplus.bsz-bw.de/bsz11518354xvlg.htm |m V:DE-576 |v 2005-02-17 |3 Inhaltstext |7 1 |
| 856 | 4 | 2 | |u https://swbplus.bsz-bw.de/bsz11518354xinh.htm |m V:DE-576 |v 2005-02-17 |3 Inhaltsverzeichnis |7 1 |
| 912 | |a ZDB-18-BEO | ||
| 912 | |a ZDB-18-BOH | ||
| 912 | |a ZDB-18-BRB | ||
| 912 | |a ZDB-18-BSF | ||
| 935 | |a mkri | ||
| 936 | r | v | |a PH 2550 |b Gesetzestexte, Kommentare |k Rechtswissenschaft |k Strafrecht, Strafverfahrensrecht, Kriminologie |k Strafrecht |k Allgemeines |k Gesetzestexte, Kommentare |0 (DE-627)1271948176 |0 (DE-625)rvk/136003: |0 (DE-576)201948176 |
| 951 | |a MV | ||
| ELC | |a 1 | ||
| LOK | |0 000 xxxxxcx a22 zn 4500 | ||
| LOK | |0 001 262718475X | ||
| LOK | |0 003 DE-627 | ||
| LOK | |0 004 1389459284 | ||
| LOK | |0 005 20160204114553 | ||
| LOK | |0 008 100304||||||||||||||||ger||||||| | ||
| LOK | |0 040 |a DE-21-24 |c DE-627 |d DE-21-24 | ||
| LOK | |0 852 |a DE-21-24 | ||
| LOK | |0 852 1 |c Volltext |9 00 | ||
| LOK | |0 939 |a 04-03-10 |b l01 | ||
| ORI | |a SA-MARC-krimdoka001.raw | ||
